Statistics for Destiny the Game 2 Exotic Perks

Click here to take the quiz!

General Stats

  • This quiz has been taken 516 times
  • The average score is 11 of 20

Answer Stats

Exotic PerkExotic% Correct
Ravenous BeastTarrabah
85%
Arc TrapsAnarchy
78%
TransmutationRuinous Effigy
74%
Ahamkara's EyeOne Thousand Voices
73%
Primeval's TormentWitherhoard
72%
Saint's FistBastion
71%
RevolutionSymmetry
62%
Shrapnel LauncherLord of Wolves
59%
Heavy Slug ThrowerHeir Apparent
55%
Vanishing ExecutionAssassin's Cowl
54%
Assault BarricadeCitan's Ramparts
53%
Ignition TriggerTommy's Matchbook
53%
Close the GapDevil's Ruin
51%
Dark DeliveranceDeathbringer
50%
ThundererThe Fourth Horseman
48%
Parting GiftThe Bombardiers
46%
Compounding ForceArbalest
37%
Dynamic DuoGetaway Artist
37%
Beacons of EmpowermentPhoenix Cradle
33%
Embers of LightPromethium Spur
31%

Score Distribution

Percentile by Number Answered

Percent of People with Each Score

Your Score History

You have not taken this quiz